Statistics for Kaohsiung Airport (KHH) Destinations

Click here to take the quiz!

General Stats

  • This quiz has been taken 105 times
    (77 since last reset)
  • The average score is 27 of 45

Answer Stats

HintAnswer% Correct
China Airlines, EVA Air, Japan Airlines, Tigerair Taiwan, Vanilla AirTokyo-Narita
96%
China Airlines, Dragonair, Mandarin AirHong Kong
94%
China Airlines, EVA Air, Peach, Scoot, Tigerair TaiwanOsaka-Kansai
94%
China Airlines, EVA Air, Juneyao Airlines, Spring AirlinesShanghai-Pudong
94%
China Airlines, Thai SmileBangkok-Suvarnabhumi
92%
China AirlinesBeijing-Capital
90%
Air BusanBusan
90%
Vietnam Airlines, VietJet AirHanoi
90%
AirAsiaKuala Lumpur
88%
China Airlines, EVA Air, Mandarin Airlines, T'way AirSeoul-Incheon
88%
Air Macau, EVA Air, Far Eastern Air Transport, Tigerair TaiwanMacau
86%
Far Eastern Air Trainsport, Mandarin Airlines, XiamenAirXiamen
86%
EVA AirGuangzhou
84%
Vietnam Airlines, VietJet AirHo Chi Minh City
84%
China AirlinesManila
84%
China Airlines, ScootSingapore
84%
Far Eastern Air TransportChengdu
82%
China AirlinesTaipei-Taoyuan
82%
China AirlinesChongqing
80%
China AirlinesShenzhen
76%
EVA Air, Tigerair TaiwanFukuoka
74%
Mandarin Airlines, UNI AirHangzhou
70%
China AirlinesSapporo-Chitose
70%
China EasternNanjing
68%
EVA AirTianjin
68%
China Airlines, Peach, tigerair TaiwanNaha
66%
Far Eastern Air Transport, UNI Air, XiamenairFuzhou
62%
China Eastern, China SouthernWuhan
60%
UNI AirKunming
58%
Mandarin AirlinesChangsha
52%
Far Eastern Air Transport, UNI AirKinmen
44%
China AirlinesDenpasar
38%
JC AirlinesPhnom Penh
38%
EVA AirZhengzhou
34%
Far Eastern Air TransportHaikou
32%
Mandarin AirlinesHualien
30%
EVA AirNingbo
30%
China Eastern, UNI AirWuxi
30%
XiamenairQuanzhou
24%
Far Eastern Air Transport, UNI AirMagong
18%
China Airlines, China Eastern, Far Eastern Air TransportNanchang
14%
Daily AirCimei
12%
China AirlinesKumamoto
4%
Daily AirWang-an
4%
China AirlinesTakamatsu
2%

Score Distribution

Percentile by Number Answered

Percent of People with Each Score

Your Score History

You have not taken this quiz since the last reset